| 000 | 00986nam a2200229Ia 4500 | ||
|---|---|---|---|
| 001 | c26/1/2-25291 [4298] | ||
| 003 | IT-MiCISF | ||
| 008 | 161014s9999||||xx |||||||||||||| ||und|| | ||
| 040 |
_aIT-MiCISF _cIT-MiCISF |
||
| 041 | _afr | ||
| 100 | _aVolcher Robert | ||
| 240 | _aL'avortement | ||
| 245 | 0 |
_aL'avortement _bActes du Xème colloque international de sexologie, Louvain, 10-12 mai 1968 |
|
| 250 | _a1a ed. | ||
| 260 |
_a Leuven (Belgique) _bCentre international Cardinal Suenens _c1968 |
||
| 300 | _app. 191 | ||
| 500 | _aPisani B.J., Abiven G., Van den Berghe H., Morsa J., Chartier M., Gaudefroy M., Liefpghe J., Hustinx A., Heylen V., Van Habost J.M., Van Lunen-Chenu M.T., McDonagh E., Simon R., Grisez G., Ferin J., Trousse P.E., Perreault A., Gelinas E., Parker R.B., Santori G., Ayd F.J. / aborto, psicologia, genetica, embrione, persona, etica, filosofia, legislazione / | ||
| 650 | _aaborto | ||
| 700 | _aAA.VV. | ||
| 942 | _cBK | ||
| 957 | _71 | ||
| 999 |
_a25291 _bsi _g1 _c209488 _d209488 |
||